McGraw-Hill yearbook of science and technology : (Record no. 30593)
[ view plain ]
| 000 -LEADER | |
|---|---|
| fixed length control field | 01624nam a2200409 a 4500 |
| 001 - CONTROL NUMBER | |
| control field | 30593 |
| 003 - CONTROL NUMBER IDENTIFIER | |
| rucl marc code | BD-RjUL |
| 005 - DATE AND TIME OF LATEST TRANSACTION | |
| control field | 20211209051603.0 |
| 008 - FIXED-LENGTH DATA ELEMENTS--GENERAL INFORMATION | |
| fixed length control field | 140410s1962 nyuar e 0 1 a0eng |
| 035 ## - SYSTEM CONTROL NUMBER | |
| System control number | (BD-RjUL)30679 |
| 040 ## - CATALOGING SOURCE | |
| Original cataloging agency | DLC |
| Transcribing agency | MnMULS |
| Modifying agency | NAlULS |
| -- | NIC |
| -- | N |
| -- | DLC |
| -- | NSDP |
| -- | DLC |
| -- | NST |
| -- | OCoLC |
| -- | DLC |
| -- | OCoLC |
| -- | DLC |
| -- | NST |
| -- | MH |
| -- | OCoLC |
| -- | B2Q |
| -- | DNLM |
| -- | NLGGC |
| -- | OCoLC |
| -- | BD-RjUL |
| Language of cataloging | eng |
| 041 ## - LANGUAGE CODE | |
| Language code of text/sound track or separate title | eng |
| 060 00 - NATIONAL LIBRARY OF MEDICINE CALL NUMBER | |
| Classification number | Q 121 |
| Item number | M1471 |
| 082 04 - DEWEY DECIMAL CLASSIFICATION NUMBER | |
| Classification number | 505 |
| Edition number | 19 |
| Author mark and year | MCG 1962 |
| 245 00 - TITLE STATEMENT | |
| Title | McGraw-Hill yearbook of science and technology : |
| Remainder of title | Comprehensive coverage of the important events of 1961 / |
| Statement of responsibility, etc. | as compiled by the staff of the McGraw-Hill encyclopedia of science and technology. |
| 246 10 - VARYING FORM OF TITLE | |
| Title proper/short title | Yearbook of science and technology |
| 260 ## - PUBLICATION, DISTRIBUTION, ETC. (IMPRINT) | |
| Place of publication, distribution, etc. | New York : |
| Name of publisher, distributor, etc. | McGraw-Hill Book Co., |
| Date of publication, distribution, etc. | 1962. |
| 300 ## - PHYSICAL DESCRIPTION | |
| Pagination | 558 p. : |
| Illustrations | ill. ; |
| Size | 26 cm. |
| 500 ## - GENERAL NOTE | |
| General note | Title varies slightly. |
| 504 ## - BIBLIOGRAPHY, ETC. NOTE | |
| Bibliography, etc | Includes index. |
| 550 ## - ISSUING BODY NOTE | |
| Issuing body note | Vols. for 1962-<88> compiled by the staff of the McGraw-Hill encyclopedia of science and technology. |
| 650 #0 - SUBJECT ADDED ENTRY--TOPICAL TERM | |
| Topical term or geographic name as entry element | Science |
| Form subdivision | Periodicals. |
| 9 (RLIN) | 92945 |
| Topical term or geographic name as entry element | Technology |
| Form subdivision | Periodicals. |
| 9 (RLIN) | 92946 |
| Topical term or geographic name as entry element | Technologie |
| General subdivision | Répertoires. |
| 9 (RLIN) | 24312 |
| Topical term or geographic name as entry element | Sciences |
| General subdivision | Répertoires. |
| 9 (RLIN) | 24313 |
| Topical term or geographic name as entry element | Science |
| Form subdivision | Periodicals. |
| 9 (RLIN) | 92947 |
| Topical term or geographic name as entry element | Technology |
| Form subdivision | Periodicals. |
| 9 (RLIN) | 92948 |
| Topical term or geographic name as entry element | Techniek. |
| Source of heading or term | gtt |
| 9 (RLIN) | 24316 |
| Topical term or geographic name as entry element | Wetenschap. |
| Source of heading or term | gtt |
| 9 (RLIN) | 24317 |
| 710 ## - ADDED ENTRY--CORPORATE NAME | |
| Corporate name or jurisdiction name as entry element | as compiled by the staff of the McGraw-Hill encyclopedia of science and technology. |
| 9 (RLIN) | 113847 |
| 936 ## - OCLC/CONSER MISCELLANEOUS DATA (OCLC); PIECE USED FOR CATALOGING (pre-AACR2) (RLIN) | |
| OCLC control number(s) of parallel record(s) (OCLC); Piece used for cataloging, PUC (RLIN) | Unknown |
| -- | 1988 |
| 942 ## - ADDED ENTRY ELEMENTS (KOHA) | |
| Source of classification or shelving scheme | Dewey Decimal Classification |
| Koha item type | Books |
| Lost status | Source of classification or shelving scheme | Damaged status | Not for loan | Collection code | Permanent Location | Current Location | Shelving location | Date acquired | Source of acquisition | Cost, normal purchase price | Total Checkouts | Full call number | Date last seen | Copy number | Koha item type |
|---|---|---|---|---|---|---|---|---|---|---|---|---|---|---|---|
| Dewey Decimal Classification | Not For Loan | Non-fiction | Central Library, University of Rajshahi | Central Library, University of Rajshahi | Reading Room | 24/06/1964 | Book Centre, Lahore | 100.00 | 505 MCG 1962 | 09/11/2014 | C-1 | Books |